00435pab a2200145 454500008004000000100002100040245011000061260000900171300001500180362000800195650001200203650001800215650001300233773004300246180718b2017 xxu||||| |||| 00| 0 eng d aRich, Timothy S. aElectoral paths and support for same-sex marriage legislation: evidence from Taiwan's mixed-member system c2017 ap.563-576. aNov aLesbian aGays - Taiwan aMarriage aInternational Political Science Review